000 00742cam a22002653a 4500
001 2726
003 PGUSA
005 20140828083020.0
008 010701s2001||||xxu|||||s|||||000 1 eng d
040 _aPGUSA
_beng
042 _adc
050 4 _aPS
050 4 _aPZ
100 1 _aAlcott, Louisa May,
_d1832-1888
245 1 0 _aEight Cousins
_h[electronic resource] /
_cLouisa May Alcott
260 _bProject Gutenberg,
_c2001
506 _aPublic domain in the USA.
516 _aElectronic text
653 _aFamily life -- Juvenile fiction
653 _aOrphans -- Juvenile fiction
653 _aCousins -- Juvenile fiction
830 0 _aProject Gutenberg
_v2726
856 4 0 _uhttp://www.gutenberg.org/ebooks/2726
942 _cEB
999 _c232059
_d232059